| 000 | 01190nam a2200229Ia 4500 | ||
|---|---|---|---|
| 003 | Ost | ||
| 005 | 20260507075445.0 | ||
| 008 | 260507s9999||||xx |||||||||||||| ||und|| | ||
| 020 | _a9957121669 | ||
| 040 | _cfsecg | ||
| 041 | _aara | ||
| 082 | _a658.8 | ||
| 100 |
_aالعلاق، بشير عباس محمود _eمؤلف |
||
| 245 | 0 |
_aكفاءة التسويق : _bاسئلة وحلول / _c بشير عباس محمود العلاق |
|
| 260 |
_aعمان: _bدار اليازوري, _c2009 |
||
| 300 |
_a434 صفحة؛ _bإيضاحات ؛ _c25 سم |
||
| 520 | _aمفاهيم تسويقية، مبادئ التسويق، دراسات تسويقية متخصصة، إدارة المبيعات، إدارة الترويج، إدارة التوزيع، استراتيجيات التسويق، سلوك المستهلك والتسعير، التسويق الصناعي، تسويق الخدمات، التسويق المصرفي، التسويق الدولي، إدارة التسويق، التسويق الصيدلاني، بحوث التسويق | ||
| 653 | _aادارة المبيعات | ||
| 653 | _aالتسويق | ||
| 653 | _aالتسويق الدولي | ||
| 942 | _cكتاب | ||
| 999 |
_c44576 _d44576 |
||